00384 2200157 4500245005000000020002200050250001100072100002100083650001600104005001900120260004100139041001400180084000800194300001500202336000900217 aCinta Rasa Mie InstancMerry Maeta SarihText a978-602-02-4922-3 aCet. 1 aMerry Maeta Sari aNovel Fiksi a20230109144632 aJakartabElex Media Komputindoc2014 aIndonesia a813 a185 hlm. : atext